000 00664nam a2200205Ia 4500
999 _c32499
_d32499
003 GCL
005 20240530102455.0
008 140319s9999 xx 000 0 ara d
040 _aGCL /
_cGCL
082 0 4 _a257.1
_bص س
100 1 _aصبحى عبده سعيد
245 1 0 _aالسلطة والحرية فى النظام الاسلامى :
_bدراسة مقارنة /
_cصبحى عبده سعيد
260 _a[S.N] :
_bدار الفكر العربى ،
_c1982
300 _a211 ص
650 0 4 _aالاسلام
650 0 4 _aالشريعة الاسلامية
650 0 4 _aالنظام السياسى
650 0 4 _aنظام الحكم
942 _2ddc
_cBK